000 00437nam a2200193Ia 4500
005 20240823055245.0
008 240823s9999||||xx |||||||||||||| ||und||
020 _a978-1-4302-1027
041 _aENGLISH
082 _A005.74 P8
100 _a"Tiwari, Shashank"
245 0 _aAdvanced Flex 3
250 _a1st
260 _c2008
_bFriend
500 _aYES
650 _aFlex 3
_bComputer Science
942 _cBK
999 _c228360
_d228360